| 000 | 00408nam a22001577a 4500 | ||
|---|---|---|---|
| 005 | 20170511111145.0 | ||
| 008 | 170511b xxu||||| |||| 00| 0 eng d | ||
| 020 | _a1565641329 | ||
| 040 | _cPK-LaUMT | ||
| 082 |
_aZIAC 297.07 _bALM- |
||
| 245 | _aAlmunhajiy tul Islamiya wal uloom / | ||
| 260 |
_aبیروت: _bالمعھد العالمی ، _c1995 |
||
| 300 | _a652 ص | ||
| 546 | _aاردو | ||
| 942 | _cBK | ||
| 999 |
_c93381 _d93381 |
||